Géographie: Ile-de-France - Statistiques

Statistiques générales
  • Ce quiz a été pris 156 fois
    78 depuis la dernière actualisation
  • Le résultat moyen est 21 sur 29
Statistiques - réponses
Questions Réponses % Correct
Quelles sont les 5 plus grandes villes de la région ? Paris
98%
Quels départements constituent la région ? Paris
98%
Boulogne
97%
Quels sont les deux grands aéroports parisiens ? Orly
95%
Seine-Saint-Denis
95%
Tour Eiffel
92%
Essonne
90%
Seine-et-Marne
90%
Val-de-Marne
90%
Yvelines
90%
Quel parc d'attraction attire chaque année plusieurs millions de visiteurs ? Disneyland
89%
Hauts-de-Seine
89%
Val-d’Oise
89%
Quels sont les deux grands bois de la région parisienne ? Vincennes
85%
Roissy
82%
Musée du Louvre
80%
Saint-Denis
79%
Arc de Triomphe
77%
Quel marché est considéré comme le plus grand à l'échelle nationale ? Rungis
74%
Quel préfet de la Seine, au XIXème siècle, a révolutionné l'architecture parisienne ? Haussmann
72%
Quels sont les 5 monuments emblématiques situés en région parisienne ? Château de Versailles
70%
Montreuil
52%
Notre-Dâme de Paris
52%
Argenteuil
51%
Boulogne-Billancourt
44%
Quel est le secteur dominant dans l'agriculture parisienne ? Céréales
41%
Quelle commune est réputée pour héberger des grandes écoles et institutions? Saclay
36%
Quelle ville du 93 est la ville de naissance de Limsa ? Aulnay-sous-Bois
28%
Quel phénomène, concernant la ville de Paris et sa banlieue, s'explique par le fait qu'elle exerce toutes les fonctions politiques, économiques, aux détriments des autres villes ? Macrocéphalie
8%
Aucun quiz correspondant
Distribution des résultats
% des personnes avec chaque résultat
Percentile par nombre de réponses
Votre historique - résultats
Vous n’avez pas pris ce quiz depuis la dernière actualisation